| 000 | 00781nam a2200229 a 4500 | ||
|---|---|---|---|
| 001 | 000021002 | ||
| 005 | 20200930011217.0 | ||
| 008 | 100828s1967 sp r 000 0 spa d | ||
| 040 |
_aDO-SdBNP _bspa _cBNPHU |
||
| 082 |
_a864.42 _bC288v |
||
| 100 | 1 |
_aCarnarvon, Henry John George Herbert, Conde de, _943955 |
|
| 245 | 1 | 0 |
_aViajes por la Península Ibérica / _cConde de Carnarvon ; traducción de Jesús Pardo. |
| 260 |
_aMadrid, (España) : _bTaurus Ediciones, _c1967. |
||
| 300 |
_a163, [12] p. ; _c18 cm. |
||
| 490 | 1 |
_aTemas de España _v57 |
|
| 650 | 4 |
_aEnsayo español _93923 |
|
| 650 | 4 |
_aLiteratura española _9632 |
|
| 651 | 4 |
_aEspaña _xDescripciones Y Viajes _93096 |
|
| 700 | 1 |
_aPardo, Jesús, _etr. _910903 |
|
| 830 | 0 |
_aTemas de España ; _v57 _96849 |
|
| 049 | _aBNGR | ||
| 999 |
_c20505 _d20505 |
||